|
|
|
|
| LEADER |
00000cam a2200000 7i4500 |
| 001 |
0000093278 |
| 005 |
20231205175029.0 |
| 020 |
|
|
|a 9781409183181 (
|q (paperback))
|
| 040 |
|
|
|e rda
|
| 041 |
|
|
|a Malay
|
| 090 |
0 |
0 |
|a 158.1
|b COT
|
| 100 |
1 |
|
|a Cotton,Ferane ,
|e (author)
|
| 245 |
1 |
0 |
|a Speak your truth :
|b connecting with your inner truth and learning to find your voice
|c Fearne Cotton
|
| 264 |
|
1 |
|a Great Britain :
|b Orion Spring
|c 2021
|
| 300 |
|
|
|a 246 pages ;
|c 20cm.
|
| 336 |
|
|
|a text
|2 rdacontent
|
| 337 |
|
|
|a unmediated
|2 rdamedia
|
| 338 |
|
|
|a volume
|2 rdacarrier
|
| 541 |
|
|
|c Purchased on 2023
|f F230775 FGS
|h RM41.80
|
| 650 |
|
0 |
|a Motivation (Psychology)
|
| 650 |
|
0 |
|a Self-actualization (Psychology)
|
| 650 |
|
0 |
|a Self-confidence
|
| 730 |
0 |
|
|a Title
|
| 999 |
|
|
|a 0001698606
|b Book
|c Adult Collection
|e Perbadanan Perpustakaan Awam Johor
|
| 999 |
|
|
|a 0001746475
|b Book
|c Adult Collection
|e Perbadanan Perpustakaan Awam Johor
|
| 999 |
|
|
|a 0001746476
|b Book
|c Adult Collection
|e Perbadanan Perpustakaan Awam Johor
|
| 999 |
|
|
|a 0001746477
|b Book
|c Adult Collection
|e Cawangan Urban Transformation Centre
|
| 999 |
|
|
|a 0001746478
|b Book
|c Adult Collection
|e Cawangan AEON Kulaijaya
|
| 999 |
|
|
|a 0001746479
|b Book
|c Adult Collection
|e Cawangan Mersing
|
| 999 |
|
|
|a 0001746480
|b Book
|c Adult Collection
|e Cawangan Segamat
|
| 999 |
|
|
|a 0001746481
|b Book
|c Adult Collection
|e Cawangan Tangkak
|
| 999 |
|
|
|a 0001746482
|b Book
|c Adult Collection
|e Cawangan Taman Sri Lambak
|
| 999 |
|
|
|a 0001746483
|b Book
|c Adult Collection
|e Cawangan Bukit Gambir
|
| 999 |
|
|
|a 0001746484
|b Book
|c Adult Collection
|e Cawangan Pontian
|
| 999 |
|
|
|a 0001746485
|b Book
|c Adult Collection
|e Cawangan Bandar Penawar
|
| 999 |
|
|
|a 0001746486
|b Book
|c Adult Collection
|e Cawangan Muar
|
| 999 |
|
|
|a 0001746487
|b Book
|c Adult Collection
|e Perbadanan Perpustakaan Awam Johor
|
| 999 |
|
|
|a 0001746488
|b Book
|c Adult Collection
|e Cawangan Bandar Tenggara
|
| 999 |
|
|
|a 0001746489
|b Book
|c Adult Collection
|e Cawangan Batu Pahat
|
| 999 |
|
|
|a 0001746490
|b Book
|c Adult Collection
|e Cawangan Kota Tinggi
|